000 00771nam a2200217 i 4500
001 55222
003 ES-MaACL
005 20250807081623.0
007 t|
008 030916s1967 sp |||| | spa d
080 _a348.6:347.62(083.4)
100 1 _aRocca, Ferdinando della.
_998033
245 1 0 _aDerecho matrimonial canónico
_b: cuadros sinópticos /
_cFerdinando della Rocca ; [traducción y adaptación al castellano por Alfonso Prieto Prieto].
260 _aMadrid :
_bEpesa [Ediciones y Publicaciones Españolas],
_c1967.
300 _aXXVI, 468 p. ;
_c22 cm.
650 7 _aMatrimonio (Derecho canónico)
_2embne
_914862
700 1 _aPrieto Prieto, Alfonso.
_993941
852 _aES-MaACL
_jC-32292
852 _aES-MaACL
_jC-27825
999 _c55222
_d55222